| 000 | 00369nam a2200145Ia 4500 | ||
|---|---|---|---|
| 008 | 230312s9999||||xx |||||||||||||| ||und|| | ||
| 020 | _a9781305581166 | ||
| 082 |
_a651.3 _bRAN-T |
||
| 100 | _aRoberts,Sandy | ||
| 245 | 4 | _aThe big book of maker camp projects | |
| 260 |
_bCengage _aUSA _c2017 |
||
| 300 | _a346 | ||
| 650 |
_aManagement _vOffice management |
||
| 942 | _cBK | ||
| 999 |
_c18278 _d18278 |
||